000 00551nam a22001577a 4500
003 NUST
082 _a621
100 _aRehman, Rashid
_9121672
245 _aAeracoustic Analysis of a Vertical Axis Wind Turbine installed in the Wake of a Bluff Body /
_cRashid Rehman
264 _aIslamabad:
_bSMME- NUST.
_c2019.
300 _a41p. ;
_bSoft Copy
_c33cm.
650 _aMS Mechanical Engineering
_9119495
700 _aSupervisor : Dr. Emad Ud Din
_9119531
856 _uhttp://10.250.8.41:8080/xmlui/handle/123456789/13051
942 _2ddc
_cTHE
999 _c608476
_d608476